书目信息 |
| 题名: |
体育法理
|
|
| 作者: | 张厚福 著 | |
| 分册: | ||
| 出版信息: | 北京 人民体育出版社 2001.09 |
|
| 页数: | 418页 | |
| 开本: | 19cm | |
| 丛书名: | ||
| 单 册: | ||
| 中图分类: | D922.161 | |
| 科图分类: | ||
| 主题词: | 体育法--ti yu fa--法学--中国 | |
| 电子资源: | ||
| ISBN: | 7-5009-2198-5 | |
| 000 | 00707nam0 2200229 450 | |
| 001 | 012007578869 | |
| 005 | 20070926172630.87 | |
| 010 | @a7-5009-2198-5@dCNY19.80 | |
| 100 | @a20070815d2001 km y0chiy0120 ea | |
| 101 | 0 | @achi |
| 102 | @aCN@b110000 | |
| 105 | @ay a 000yy | |
| 200 | 1 | @a体育法理@Ati yu fa li@f张厚福著@Fzhang hou fu zhu |
| 210 | @a北京@c人民体育出版社@d2001.09 | |
| 215 | @a418页@d19cm | |
| 320 | @a有书目。 | |
| 330 | @a本书分三篇。上篇为体育法学基础理论研究;中篇为体育法学的基本法律制度研究;下篇为体育法学的专题研究。 | |
| 606 | 0 | @a体育法@Ati yu fa@x法学@y中国 |
| 690 | @aD922.161@v4 | |
| 701 | 0 | @a张厚福@Azhang hou fu@4著 |
| 801 | 0 | @aCN@c20070926 |
| 905 | @dD922.161@eZ111 | |
| 体育法理/张厚福著.-北京:人民体育出版社,2001.09 |
| 418页;19cm |
| ISBN 7-5009-2198-5:CNY19.80 |
| 本书分三篇。上篇为体育法学基础理论研究;中篇为体育法学的基本法律制度研究;下篇为体育法学的专题研究。 |
| ● |
| 相关链接 |
|
|
|
正题名:体育法理
索取号:D922.161/Z111
 
预约/预借
| 序号 | 登录号 | 条形码 | 馆藏地/架位号 | 状态 | 备注 |
| 1 | 246245 | 202462450 | 社科库509/509社科库 85排4列6层/ [索取号:D922.161/Z111] | 在馆 |